[Event "It (open)"]
[Site "masterchessopen.com Eger (Hungary)"]
[Date "2002.08.08"]
[Round "4"]
[White "Kladiva Istvan (HUN)"]
[Black "Horvath Sandor_ (HUN)"]
[Result "0-1"]
[WhiteElo "2105"]
[BlackElo "2098"]

1.d4 Nf6 2.c4 g6 3.Nc3 d5 4.cxd5 Nxd5 5.e4 Nxc3 6.bxc3 Bg7 7.Bc4 c5 8.Be3 O-O
9.Ne2 Nc6 10.O-O Qc7 11.Rc1 Rd8 12.Bf4 Qd7 13.Qb3 Rf8 14.Bb5 cxd4 15.Qa4 dxc3
16.Rfd1 Qe6 17.Rd5 a6 18.Bc4 Qxe4 19.Re5 Qxe5 20.Bxe5 Nxe5 21.Nxc3 Bd7 22.Qb4
Nxc4 23.Qxe7 Bc6 24.Ne4 Rfe8 25.Nf6+ Bxf6 26.Qxf6 Re6 27.Qc3 Rae8 28.h4 Nd6
29.Qb4 h5 30.Rc5 Nf5 31.f3 Re1+ 32.Kh2 R1e2 33.Qf4 Ne3 34.Rg5 Re6 35.a4 Nc2
36.a5 Kg7 37.Rg3 f6 38.Qf5 Be8 39.Qxh5 Ne3 40.Kh3 Re5 {#R} 0-1

[Event "It (open)"]
[Site "masterchessopen.com Eger (Hungary)"]
[Date "2002.08.12"]
[Round "9"]
[White "Blasko Istvan (HUN)"]
[Black "Horvath Sandor_ (HUN)"]
[Result "1-0"]
[WhiteElo "2355"]
[BlackElo "2098"]

1.d4 Nf6 2.c4 g6 3.Nc3 d5 4.cxd5 Nxd5 5.e4 Nxc3 6.bxc3 Bg7 7.Bc4 c5 8.Ne2 Nc6
9.Be3 Qc7 10.O-O O-O 11.dxc5 Ne5 12.Bb3 Ng4 13.Bf4 e5 14.Bc1 Qxc5 15.a4 Qc7
16.Bd5 Nf6 17.c4 Bd7 18.Qb3 Bc6 19.f3 Nd7 20.Be3 b6 21.Rfc1 Rab8 22.Nc3 Rfc8
23.Nb5 Bxb5 24.cxb5 Nc5 25.Qa2 Bf8 26.Rc4 Kg7 27.Rac1 Qd7 28.h3 f6 29.Kh2 Rc7
30.R1c3 Bd6 31.Qd2 Bf8 32.Qc1 Rbc8 33.Bc6 Qd8 34.a5 Kh8 35.Qg1 Rb8 36.Rc1 Be7
37.Rd1 Qf8 38.Rc2 Rd8 39.Rxd8 Qxd8 40.Rd2 Qf8 41.Rd5 Kg7 42.Qd1 Qc8 43.Kh1 g5
44.Kh2 Qe6 45.Qc2 h5 46.Qc4 Qc8 47.Rd1 h4 48.Ra1 Qd8 49.axb6 axb6 50.Ra8 Rc8
51.Rxc8 Qxc8 52.Qa2 Qd8 53.Qa7 Kf8 54.Bd5 Qd6 55.Bxc5 Qxc5 56.Qb8+ Kg7 57.Qg8+
Kh6 58.Bf7 {#r} 1-0

[Event "It (open)"]
[Site "masterchessopen.com Bad Wiessee (Germany)"]
[Date "2002.11.01"]
[Round "7"]
[White "Deues Erik (GER)"]
[Black "Buchner Rudolf (GER)"]
[Result "0-1"]
[WhiteElo "2100"]
[BlackElo "2301"]

1.d4 Nf6 2.c4 g6 3.Nc3 d5 4.cxd5 Nxd5 5.e4 Nxc3 6.bxc3 Bg7 7.Bc4 c5 8.Ne2 Nc6
9.Be3 O-O 10.O-O Qc7 11.Rc1 b6 12.Qd2 Rd8 13.Rfd1 Bb7 14.Qe1 Na5 15.Bd3 Rac8
16.f4 cxd4 17.cxd4 Qd6 18.f5 Qa3 19.Nf4 Rxc1 20.Rxc1 Bxd4 21.Bxd4 Rxd4 22.Rc3
Qa4 23.Nd5 Bxd5 24.exd5 Rxd5 25.Rc8+ Kg7 26.Bc2 Qd4+ 27.Kh1 Re5 28.Qf1 Qd2
{#R} 0-1

[Event "It (open) (seniors)"]
[Site "masterchessopen.com Bad Harzburg (Germany)"]
[Date "2002.11.22"]
[Round "3"]
[White "Kasueschke Gregor (GER)"]
[Black "Packroff Hermann (GER)"]
[Result "1-0"]
[WhiteElo "2085"]
[BlackElo "2253"]

1.d4 Nf6 2.c4 g6 3.Nc3 d5 4.cxd5 Nxd5 5.e4 Nxc3 6.bxc3 Bg7 7.Bc4 c5 8.Ne2 Nc6
9.Be3 O-O 10.O-O Qc7 11.Rc1 Rd8 12.Qc2 Na5 13.Bb3 b6 14.Bd5 Nb7 15.Bf4 Qd7
16.Rfd1 e6 17.Bb3 Qe7 18.d5 exd5 19.Bxd5 Be6 20.c4 Rac8 21.Rd2 Bxd5 22.Rxd5
Rxd5 23.exd5 Re8 24.Kf1 Nd6 25.Bxd6 Qxd6 26.g3 b5 27.cxb5 Qxd5 28.Qxc5 Qxa2
29.Rc2 Qa4 30.Qc4 Qa1+ 31.Kg2 Qe5 32.Nf4 Rb8 33.Nd5 Qd4 34.Ne7+ Kf8 35.Qxd4
Bxd4 36.Nc6 Rxb5 37.Nxd4 {#r} 1-0

[Event "It (open)"]
[Site "masterchessopen.com Hoogeveen (Netherlands)"]
[Round "5"]
[White "Bensdorp Marlies (NED)"]
[Black "Pruijssers Roeland (NED)"]
[Result "0-1"]
[WhiteElo "2214"]
[BlackElo "2295"]

1.d4 Nf6 2.c4 g6 3.Nc3 d5 4.cxd5 Nxd5 5.e4 Nxc3 6.bxc3 Bg7 7.Bc4 c5 8.Ne2 Nc6
9.Be3 O-O 10.O-O Qc7 11.Rc1 Rd8 12.Qd2 Ne5 13.Bb3 Ng4 14.Bf4 e5 15.Bg3 c4
16.Bc2 Qa5 17.d5 Bh6 18.f4 Qc5+ 19.Kh1 Ne3 20.Rf3 Nxc2 21.Qxc2 Bg4 22.Rff1 Qe3
23.Rfe1 Qd3 24.Bh4 exf4 25.Bxd8 f3 26.Ng1 Bxc1 27.Rxc1 Rxd8 28.Qxd3 fxg2+
29.Kxg2 cxd3 30.Nf3 f5 31.Nd2 Re8 32.Kf2 fxe4 33.Ke3 b5 34.Rb1 a6 35.Rb4 Bf5
36.a4 Kf7 37.axb5 axb5 38.Rxb5 Kf6 39.c4 Ke5 40.Rb6 h5 41.h4 Re7 42.Ra6 g5
43.hxg5 h4 44.d6 Rd7 45.c5 h3 46.c6 h2 47.Ra1 Rh7 48.d7 Rh3+ 49.Kf2 e3+ 50.Kg2
Rh8 51.Nf3+ Kf4 52.Nxh2 Be4+ 53.Kg1 Bxc6 54.g6 Bxd7 55.g7 Rg8 56.Rf1+ Ke5
57.Nf3+ Kd5 58.Re1 Rxg7+ 59.Kh2 Re7 60.Kg3 Ba4 61.Kf4 d2 {#R} 0-1

[Event "Ch Bosnia & Herzegovina (team)"]
[Site "masterchessopen.com Neum (Bosnia & Herzegovina)"]
[Round "8"]
[White "Suta Adil (BIH)"]
[Black "Ruck Robert (HUN)"]
[Result "0-1"]
[WhiteElo "2110"]
[BlackElo "2562"]

1.d4 Nf6 2.c4 g6 3.Nc3 d5 4.cxd5 Nxd5 5.e4 Nxc3 6.bxc3 Bg7 7.Bc4 c5 8.Ne2 Nc6
9.Be3 O-O 10.O-O Qc7 11.Rc1 Rd8 12.Qe1 Qa5 13.Rd1 Bd7 14.f3 Rac8 15.Qh4 cxd4
16.cxd4 Nb4 17.Bb3 Bb5 18.Rf2 e6 19.Nf4 Bc4 20.Bxc4 Rxc4 21.Rfd2 Nc2 22.Bf2
Nxd4 23.Kh1 g5 24.Qh5 Rc1 25.Bg1 Rxd1 26.Rxd1 Nc6 27.Rxd8+ Qxd8 28.Nh3 h6
29.f4 gxf4 30.Nxf4 Qg5 31.Qf3 Nd4 32.Qf2 Qe5 33.Qe3 Nc6 34.Ne2 a5 35.Qd3 b5
36.h3 b4 37.Qc4 Qd6 38.Qa6 Qc7 39.Bb6 Qd7 40.Bg1 Kh7 41.Qb5 Qd1 42.Kh2 Be5+
43.g3 Bg7 44.Kg2 a4 45.Qxc6 Qxe2+ 46.Kh1 Qf3+ 47.Kh2 Be5 {#R} 0-1

[Event "Oberliga East A 2002/03"]
[Site "masterchessopen.com Germany"]
[Date "2003.02.09"]
[Round "7"]
[White "Degtiarev Evgeny (GER)"]
[Black "Karius Thomas (GER)"]
[Result "1-0"]
[WhiteElo "2301"]
[BlackElo "2234"]

1.d4 Nf6 2.c4 g6 3.Nc3 d5 4.cxd5 Nxd5 5.e4 Nxc3 6.bxc3 Bg7 7.Bc4 c5 8.Ne2 Nc6
9.Be3 O-O 10.O-O Qc7 11.Rc1 Rd8 12.Bf4 Qa5 13.Qb3 cxd4 14.Bxf7+ Kf8 15.Bg8 e6
16.Bxe6 Qb6 17.cxd4 Bxe6 18.Qxe6 Nxd4 19.Nxd4 Rxd4 20.Qg4 Qb4 21.Rc7 Re8
22.Qf3 {#r} 1-0

[Event "Ch Hungary (team) 2002/03 (2 liga)"]
[Site "masterchessopen.com Hungary"]
[Date "2003.04.13"]
[Round "11"]
[White "Keszi Janos (HUN)"]
[Black "Kovacs David (HUN)"]
[Result "1-0"]
[WhiteElo "2019"]
[BlackElo "2040"]

1.d4 Nf6 2.c4 g6 3.Nc3 d5 4.cxd5 Nxd5 5.e4 Nxc3 6.bxc3 Bg7 7.Bc4 c5 8.Ne2 Nc6
9.Be3 O-O 10.O-O Qc7 11.Rc1 Rd8 12.Qd2 a6 13.a4 Na5 14.Ba2 c4 15.Rb1 Bd7
16.Nf4 Bxa4 17.Nd5 Rxd5 18.exd5 Rd8 19.Bf4 Qd7 20.Rfe1 Bf6 21.d6 exd6 22.Bg5
Qf5 23.Bxf6 Qxf6 24.Qh6 Bc6 25.Re3 b5 26.Rbe1 Rc8 27.Bb1 Nb3 28.Re7 b4 29.d5
Bb5 30.cxb4 Nd4 31.h4 c3 32.h5 c2 33.hxg6 hxg6 34.Bxc2 Nxc2 35.R1e4 Qa1+
36.Kh2 Qh8 37.Qxh8+ Kxh8 38.Rxf7 Re8 39.Rxe8+ Bxe8 40.Rf8+ Kg7 41.Rxe8 Nxb4
42.Re6 Nxd5 43.Rxd6 Nb4 44.Rb6 a5 45.Rb5 Nc6 46.Rc5 Ne7 47.Rxa5 Kf6 48.Kg3
Nf5+ 49.Kf4 Ng7 50.Ra6+ Ne6+ 51.Ke4 Kf7 52.Ke5 Ng7 53.Ra7+ {#r} 1-0

[Event "Cup Independence (open) (b)"]
[Site "masterchessopen.com Kiev (Ukraine)"]
[Date "2003.08.04"]
[Round "3"]
[White "Rodin Alexey (UKR)"]
[Black "Artemchuk Taras (UKR)"]
[Result "0-1"]
[WhiteElo "1921"]
[BlackElo "2224"]

1.d4 Nf6 2.c4 g6 3.Nc3 d5 4.cxd5 Nxd5 5.e4 Nxc3 6.bxc3 Bg7 7.Bc4 c5 8.Ne2 Nc6
9.Be3 O-O 10.O-O Qc7 11.Rc1 Rd8 12.f4 Bg4 13.e5 e6 14.h3 Bxe2 15.Bxe2 Qa5
16.Bf3 Qxa2 17.Bxc6 bxc6 18.Qf3 Qd5 19.Qxd5 Rxd5 20.Ra1 a5 21.Ra4 Bf8 22.c4
Rd7 23.dxc5 Be7 24.Rfa1 Bd8 25.Rb1 Raa7 26.Rb8 Kg7 27.Kf2 Rab7 28.Rxb7 Rxb7
29.Bd2 g5 30.fxg5 Kg6 31.h4 Kf5 32.Ra3 Kxe5 33.Bxa5 Bxa5 34.Rxa5 Kd4 35.Ra8 f6
36.Re8 fxg5 37.Rxe6 Rc7 38.h5 Kxc5 39.Re5+ Kxc4 40.Rxg5 c5 41.h6 Rc6 42.Rh5
Kd3 43.Rh3+ Kd2 44.Rh5 Rf6+ 45.Kg3 c4 46.Kg4 Rg6+ 47.Kf3 c3 48.Rd5+ Kc1 49.Rd7
Rxh6 50.Ke3 Rh1 51.Rc7 c2 52.Kd3 Rd1+ 53.Kc3 Rd6 54.Rxh7 Rc6+ 55.Kd3 Kb2
56.Rh1 c1=Q 57.Rxc1 Rxc1 58.Ke4 Rg1 59.Kf3 Kc3 60.g4 Kd4 61.Kf4 Rf1+ 62.Kg5
Ke5 63.Kg6 Rg1 64.Kg5 Ke6 65.Kh5 Kf6 66.Kh4 Kg6 {#R} 0-1

[Event "Tournament \"]
[Site "masterchessopen.com Internet"]
[Date "2003.11.08"]
[Round "14"]
[White "Gustafsson Jan (GER)"]
[Black "Grebionkin Vladimir (RUS)"]
[Result "0-1"]
[WhiteElo "2603"]
[BlackElo "2421"]

1.d4 Nf6 2.c4 g6 3.Nc3 d5 4.cxd5 Nxd5 5.e4 Nxc3 6.bxc3 Bg7 7.Bc4 c5 8.Ne2 Nc6
9.Be3 O-O 10.O-O Qc7 11.Rc1 Rd8 12.Bf4 Qd7 13.d5 Na5 14.Bd3 b5 15.c4 Nxc4
16.Bxc4 bxc4 17.Rxc4 Qb5 18.Rc2 Ba6 19.Re1 e6 20.d6 Qa4 21.Nc3 Qd4 22.Qc1 Bd3
23.Rd1 c4 24.Qd2 Be5 25.Nb5 Qxe4 26.Bxe5 Qxe5 27.Rb2 Rab8 28.Re1 Qc5 29.Nc3
Rxb2 30.Qxb2 Qxd6 31.h3 Qb6 32.Qd2 Qa5 33.Rc1 Qc5 34.Qf4 Qd4 35.Qg5 Kg7 36.Nd1
Qf6 37.Qe3 a5 38.Qb6 Rd5 39.Ne3 Re5 40.Ng4 Qf4 41.Rd1 Be2 42.Re1 Bxg4 43.Qb2
f6 44.Qb7+ Kh6 45.Rxe5 Qxe5 46.hxg4 Qe1+ 47.Kh2 Qxf2 48.Qe4 Qh4+ 49.Kg1 Qg5
50.Qxe6 c3 51.Qe7 Qxg4 52.Qf8+ Kh5 53.Qc5+ Qf5 54.Qxc3 Qe5 55.Qf3+ Kh6 56.a3
g5 57.g3 Kg6 58.Kg2 h5 59.Qd3+ Qf5 60.Qd8 Qe6 61.Qh8 g4 62.Kg1 Qe1+ 63.Kg2
Qe2+ 64.Kg1 Qe3+ 65.Kg2 Qe4+ 66.Kg1 Qe6 67.Kh2 a4 68.Qf8 Qd5 69.Qb4 Qa2+
70.Kg1 Qb3 71.Kh2 Qxb4 72.axb4 a3 73.b5 a2 74.b6 a1=Q 75.b7 Qb2+ 76.Kg1 Qxb7
77.Kh2 Qf3 78.Kg1 Qxg3+ 79.Kh1 Qf3+ 80.Kg1 Qe2 81.Kh1 g3 82.Kg1 Qf2+ 83.Kh1
Qh2# 0-1

[Event "Ch Uruguay"]
[Site "masterchessopen.com Montevideo (Uruguay)"]
[Date "2004.05.19"]
[Round "7"]
[White "Cao Jorge (URU)"]
[Black "Miralles Nicolas (URU)"]
[Result "1-0"]
[WhiteElo "2219"]
[BlackElo "2073"]

1.d4 Nf6 2.c4 g6 3.Nc3 d5 4.cxd5 Nxd5 5.e4 Nxc3 6.bxc3 Bg7 7.Bc4 c5 8.Ne2 Nc6
9.Be3 O-O 10.O-O Qc7 11.Rc1 Rd8 12.Qe1 Na5 13.Bd3 b6 14.h3 Bb7 15.d5 e6 16.c4
Ba6 17.Nf4 e5 18.Ne2 Nc6 19.g3 Nd4 20.f4 f6 21.Kg2 Bc8 22.f5 g5 23.g4 Bd7
24.Ng3 Be8 25.Rh1 a6 26.h4 h6 27.hxg5 hxg5 28.Qg1 b5 29.Qh2 bxc4 30.Bxc4 Rab8
31.d6+ {#r} 1-0

[Event "It (open)"]
[Site "masterchessopen.com Vadso (Norway)"]
[Date "2004.08.28"]
[Round "3"]
[White "Fedin Viktor (RUS)"]
[Black "Hanssen Gunnar Berg (NOR)"]
[Result "1-0"]
[WhiteElo "2077"]
[BlackElo "2245"]

1.d4 Nf6 2.c4 g6 3.Nc3 d5 4.cxd5 Nxd5 5.e4 Nxc3 6.bxc3 Bg7 7.Bc4 c5 8.Ne2 Nc6
9.Be3 O-O 10.O-O Qc7 11.Qc2 Na5 12.Bb3 cxd4 13.cxd4 Qxc2 14.Bxc2 Nc4 15.Bg5 e6
16.Bb3 b5 17.Rac1 Bb7 18.f3 h6 19.Be7 Rfe8 20.Bxc4 bxc4 21.Bc5 Rac8 22.Rc2 a6
23.Rxc4 Bc6 24.a4 g5 25.Rfc1 Ba8 26.Bb6 Rb8 27.a5 g4 28.Rc7 gxf3 29.gxf3 f5
30.Kf2 Rb7 31.e5 Rxc7 32.Rxc7 Bd5 33.Nf4 Ba2 34.Nh5 Bh8 35.Bc5 Bd5 36.f4 Rb8
37.Nf6+ Bxf6 38.exf6 e5 39.Rg7+ Kh8 40.dxe5 Rc8 41.Bb6 Re8 42.Ke3 Be6 43.Kd4
Rc8 44.Re7 Rc4+ 45.Kd3 Rc6 46.Ke3 Kg8 47.Rg7+ Kh8 48.Ra7 Bc4 49.Kd4 h5 50.Bc5
Be6 51.f7 {#r} 1-0

[Event "Ch Poland (team) (2nd liga)"]
[Site "masterchessopen.com Polanica Zdroj (Poland)"]
[Date "2004.09.06"]
[Round "4"]
[White "Nawrocki Przemyslaw (POL)"]
[Black "Fikus Zygmunt (POL)"]
[Result "0-1"]
[WhiteElo "2008"]
[BlackElo "2179"]

1.d4 Nf6 2.c4 g6 3.Nc3 d5 4.cxd5 Nxd5 5.e4 Nxc3 6.bxc3 Bg7 7.Bc4 c5 8.Ne2 Nc6
9.Be3 O-O 10.O-O Qc7 11.Qc2 Na5 12.Bd3 c4 13.f4 cxd3 14.Qxd3 Nc4 15.Bc1 b6
16.f5 Bb7 17.e5 Qc6 18.Rf3 Rad8 19.Qc2 Qe4 {#R} 0-1

[Event "Memorial T.Petrosian (open)"]
[Site "masterchessopen.com Krasnodar (Russia)"]
[Round "3"]
[White "Bedia Melor (RUS)"]
[Black "Kuznetsov Fiodor (RUS)"]
[Result "1-0"]
[WhiteElo "2384"]
[BlackElo "2087"]

1.d4 Nf6 2.c4 g6 3.Nc3 d5 4.cxd5 Nxd5 5.e4 Nxc3 6.bxc3 Bg7 7.Bc4 c5 8.Ne2 Nc6
9.Be3 O-O 10.O-O Qc7 11.Rc1 Rd8 12.h3 e6 13.f4 Na5 14.Bd3 f5 15.g4 b6 16.Ng3
Qd7 17.gxf5 cxd4 18.fxe6 Qxe6 19.f5 gxf5 20.Bg5 Qe5 21.Qf3 fxe4 22.Nxe4 Rf8
23.Bf6 Bxf6 24.Nxf6+ Kh8 25.Rce1 {#r} 1-0

[Event "It (open)"]
[Site "masterchessopen.com Montigny le Bretonneux (France)"]
[Date "2004.12.29"]
[Round "5"]
[White "Majcherczyk Benjamin (FRA)"]
[Black "Riazuelo Gilles (FRA)"]
[Result "0-1"]
[WhiteElo "2079"]
[BlackElo "2096"]

1.d4 Nf6 2.c4 g6 3.Nc3 d5 4.cxd5 Nxd5 5.e4 Nxc3 6.bxc3 Bg7 7.Bc4 c5 8.Ne2 Nc6
9.Be3 O-O 10.O-O Qc7 11.Rc1 Rd8 12.Qd2 a6 13.Rfd1 b5 14.Bd3 Bb7 15.Qb2 Rac8
16.f3 e6 17.Bf2 Rd7 18.Qb1 Bh6 19.f4 f5 20.dxc5 Bxf4 21.Nxf4 Qxf4 22.exf5 gxf5
23.Bf1 Rg7 24.Qb3 Re8 25.Rc2 Ne5 26.Bg3 Qe3+ 27.Kh1 Rxg3 28.hxg3 Qh6+ 29.Kg1
Ng4 30.Bxb5 Qh2+ 31.Kf1 Qh1+ 32.Ke2 Qxg2+ 33.Ke1 Qxg3+ 34.Kf1 Qf3+ 35.Ke1 axb5
36.Qxb5 Qg3+ 37.Kf1 Qf3+ 38.Ke1 Qg3+ 39.Kf1 Ne3+ 40.Ke2 Qf3+ 41.Ke1 Qxd1+ {#R}
0-1

[Event "Cup Doeberl"]
[Site "masterchessopen.com Canberra (Australia)"]
[Date "2005.03.25"]
[Round "1"]
[White "Stead Kerry (AUS)"]
[Black "Tse Jeffrey (AUS)"]
[Result "1-0"]
[WhiteElo "2056"]
[BlackElo "1924"]

1.c4 Nf6 2.Nc3 d5 3.cxd5 Nxd5 4.e4 Nxc3 5.bxc3 g6 6.d4 Bg7 7.Bc4 c5 8.Be3 O-O
9.Ne2 Nc6 10.O-O Qc7 11.Rc1 Rd8 12.Bd5 e6 13.Bxc6 Qxc6 14.f3 b6 15.Qd2 Ba6
16.Rfd1 Bc4 17.Ng3 b5 18.Qf2 Rac8 19.e5 Qd5 20.Rd2 cxd4 21.cxd4 f5 22.exf6
Bxf6 23.Ne4 Bg7 24.Qh4 Rf8 25.Ng5 h6 26.Ne4 Rf5 27.Qg3 Kh7 28.Nd6 Rcf8 29.Nxf5
exf5 30.Qc7 Rf7 31.Qa5 f4 32.Bf2 Rf5 33.Qxa7 Rg5 34.Bh4 Qxf3 35.Re1 Rxg2+
36.Rxg2 Bd5 37.Ree2 g5 38.Qd7 Bc4 39.Qf5+ Kh8 40.Re8+ Bg8 41.Qe6 {#r} 1-0

[Event "It (open)"]
[Site "masterchessopen.com Voesendorf (Austria)"]
[Round "4"]
[White "Kottisch Gustav (AUT)"]
[Black "Ponjican Erich (AUT)"]
[Result "0-1"]
[WhiteElo "1991"]
[BlackElo "2128"]

1.d4 Nf6 2.c4 g6 3.Nc3 d5 4.cxd5 Nxd5 5.e4 Nxc3 6.bxc3 Bg7 7.Bc4 c5 8.Be3 O-O
9.Ne2 Nc6 10.O-O Qc7 11.Rc1 Rd8 12.Bf4 e5 13.Bg5 Rd7 14.d5 Na5 15.Bb5 Rd6
16.c4 a6 17.Ba4 f5 18.f3 f4 19.Qd3 b6 20.Rb1 h6 21.Bh4 g5 22.Be1 Nb7 23.Rb2 h5
24.Nc3 Kf7 25.Qb1 Na5 26.Qd3 Bf6 27.Bf2 g4 28.Bd1 Nc6 29.Qe2 Nd4 30.Bxd4 cxd4
31.Na4 Be7 32.Qc2 Rg6 33.Rb3 Bd7 34.Nb2 Rag8 35.Rf2 g3 36.Rd2 gxh2+ 37.Kh1 h4
38.Nd3 h3 {#R} 0-1

[Event "Ch Russia (students)"]
[Site "masterchessopen.com Nizhnij Tagil (Russia)"]
[Date "2005.10.08"]
[Round "5"]
[White "Sladkov Alexei (RUS)"]
[Black "Okulov Andrey (RUS)"]
[Result "0-1"]
[WhiteElo "2126"]
[BlackElo "2271"]

1.d4 Nf6 2.c4 g6 3.Nc3 d5 4.cxd5 Nxd5 5.e4 Nxc3 6.bxc3 Bg7 7.Bc4 c5 8.Ne2 Nc6
9.Be3 O-O 10.O-O Qc7 11.Rc1 Rd8 12.h3 Na5 13.Bd3 e6 14.f4 f5 15.exf5 gxf5
16.dxc5 Nc4 17.Bd4 Bxd4+ 18.Nxd4 Ne3 19.Qh5 Nxf1 20.Qg5+ Kf7 21.Nxf5 exf5
22.Bc4+ Be6 23.Qxf5+ Kg7 24.Bxe6 Nd2 25.Re1 Rf8 26.Qg4+ Kh8 27.f5 Qxc5+
28.Qd4+ Qxd4+ 29.cxd4 Rad8 30.d5 b5 {#R} 0-1

[Event "Bayern Oberliga 2005/06"]
[Site "masterchessopen.com Bayern (Germany)"]
[Date "2005.11.13"]
[Round "2"]
[White "Singer Christoph (GER)"]
[Black "Riefner Edwin (GER)"]
[Result "1-0"]
[WhiteElo "2325"]
[BlackElo "2237"]

1.d4 Nf6 2.c4 g6 3.Nc3 d5 4.cxd5 Nxd5 5.e4 Nxc3 6.bxc3 Bg7 7.Bc4 c5 8.Ne2 Nc6
9.Be3 O-O 10.O-O Qc7 11.Rc1 Rd8 12.Qd2 Qa5 13.Qb2 Qc7 14.f4 Na5 15.Bd3 Bg4
16.h3 Bxe2 17.Qxe2 cxd4 18.cxd4 Qd7 19.d5 b6 20.Bb5 Qd6 21.Bc6 Rac8 22.e5 Qb4
23.Rfd1 e6 24.Rd4 Qf8 25.Qb5 Nxc6 26.dxc6 Rxd4 27.Bxd4 Qd8 28.Be3 Bf8 29.a4
Qd5 30.Qxd5 exd5 31.a5 Ba3 32.Rd1 Rxc6 33.Rxd5 Bc5 34.Kf2 Bxe3+ 35.Kxe3 bxa5
36.Rxa5 a6 37.Kd4 Rc2 38.g4 Rf2 39.Ke4 Rh2 40.Ra3 Kf8 41.f5 Ke7 42.f6+ Kd7
43.Rxa6 Rxh3 44.e6+ fxe6 45.Ra8 {#r} 1-0

[Event "Ch Slovakia (team) 2005/06 (1 liga) West"]
[Site "masterchessopen.com Slovakia"]
[Round "10"]
[White "Ruckschloss Karol (SVK)"]
[Black "Kukel Imre jun"]
[Result "0-1"]
[WhiteElo "2331"]
[BlackElo "2280"]

1.c4 Nf6 2.d4 g6 3.Nc3 d5 4.cxd5 Nxd5 5.e4 Nxc3 6.bxc3 Bg7 7.Bc4 c5 8.Ne2 Nc6
9.Be3 O-O 10.O-O Qc7 11.a4 Rd8 12.Qb3 e6 13.dxc5 Na5 14.Qb4 Bf8 15.Ba2 Bd7
16.Nd4 Rac8 17.Nb5 Bxb5 18.axb5 b6 19.cxb6 axb6 20.Qb2 Bc5 21.Bd4 e5 22.Bxc5
Qxc5 23.Rfd1 Rxd1+ 24.Rxd1 Qxc3 25.Qxc3 Rxc3 26.Rd8+ Kg7 27.g3 Nc4 28.Rd5 Kf6
29.Rd7 Rc2 30.Bb3 Rc3 31.Ba2 Rc2 {#R} 0-1

[Event "Ch France (juniors) (under 14)"]
[Site "masterchessopen.com Aix les Bains (France)"]
[Round "2"]
[White "Graca Robert (FRA)"]
[Black "Filippas Sebastian (GRE)"]
[Result "1-0"]
[WhiteElo "1962"]
[BlackElo "2107"]

1.d4 Nf6 2.c4 g6 3.Nc3 d5 4.cxd5 Nxd5 5.e4 Nxc3 6.bxc3 Bg7 7.Bc4 c5 8.Ne2 Nc6
9.Be3 O-O 10.O-O Qc7 11.Rc1 Rd8 12.Bf4 Qa5 13.Qb3 e6 14.d5 exd5 15.Bxd5 Rd7
16.Rfd1 Qb6 17.Qa4 Ne7 18.Rb1 Qd8 19.Bxb7 Rxd1+ 20.Rxd1 Bxb7 21.Rxd8+ Rxd8
22.f3 Nc6 23.Qb5 Rd7 24.Qxc5 Bf8 25.Qb5 a6 26.Qa4 Bc5+ 27.Kh1 Kg7 28.h4 h5
29.Nd4 Bd6 30.Bxd6 Rxd6 31.Nxc6 Bxc6 32.Qxa6 Re6 33.Qd3 {#r} 1-0

[Event "Ch Hungary (team) 2005/06"]
[Site "masterchessopen.com Hungary"]
[Date "2006.04.23"]
[Round "11"]
[White "Erdos Viktor (HUN)"]
[Black "Cao Sang (HUN)"]
[Result "1-0"]
[WhiteElo "2503"]
[BlackElo "2548"]

{ Erdos Viktor (HUN) +0 =4 -0 } 1.d4 Nf6 2.c4 g6 3.Nc3 d5 4.cxd5 Nxd5 5.e4
Nxc3 6.bxc3 Bg7 7.Bc4 c5 8.Ne2 Nc6 9.Be3 O-O 10.O-O Qc7 11.Rc1 ( 11.Rb1 a6
12.Qc1 b5 13.Bb3 Bb7 14.f3 Na5 15.dxc5 Rfd8 16.Rd1 e6 17.Rxd8+ Rxd8 18.Qc2 Bf8
19.Rd1 Rc8 20.Qd2 Bxc5 21.Bxc5 Qxc5+ 22.Qd4 Kf8 23.Kf2 Ke7 24.Qxc5+ Rxc5
25.Ke3 e5 26.Kd2 Nc4+ 27.Bxc4 Rxc4 28.Kc2 Bc8 29.Nc1 Be6 30.a3 a5 {
...1/2-1/2, Erdos Viktor 2151 - Sipos Istvan 2174 , Paks 21. 4.2000 Ch Hungary
(juniors) (under 14) } ) 11...Na5 12.Bd3 { ? } 12...Bd7 ( 12...b6 13.Qd2 Bb7
14.Bh6 Rad8 15.h4 Qd6 16.d5 c4 17.Bc2 e6 18.Bxg7 Kxg7 19.f4 f5 20.Nd4 fxe4
21.dxe6 Nc6 22.f5 Nxd4 23.cxd4 Qe7 24.Ba4 Rxf5 25.Rxf5 gxf5 26.Qf4 Bd5 27.Qe5+
Kg6 28.Rc3 f4 29.h5+ { 1-0, Jussupow Artur 2635 - Tseshkovsky Vitaly 2485 ,
Minsk 1987 Ch URS } ) 13.Qd2 { N } ( 13.Nf4 Bc6 14.e5 Rad8 15.Qg4 b5 16.h4 Qd7
17.Qg3 Bd5 18.Bb1 Be6 19.Nd3 Nb7 20.Nxc5 Nxc5 21.dxc5 Bf5 22.Bd4 a6 23.c6 Qe6
24.Bxf5 Qxf5 25.a4 bxa4 { 1/2-1/2, Tarjan James E 2535 - Romanishin Oleg M
2575 , Jakarta 1983 It (cat.11) } ) ( 13.dxc5 Rfd8 14.Qc2 Be6 15.c4 Nc6 16.Nf4
Nb4 17.Qb3 Nxd3 18.Nxd3 Qc6 19.f3 Bd4 20.Bxd4 Rxd4 21.Nf4 Qxc5 22.Nxe6 fxe6
23.Kh1 b6 24.Rc3 Rc8 25.Rfc1 b5 26.cxb5 Qxc3 27.Qxe6+ Kg7 28.Qxe7+ Kh6 29.Qh4+
Kg7 30.Qe7+ Kh6 31.Qh4+ { 1/2-1/2, Ertl Daniel 1660 - Soergel Frank 2207 ,
Germany 1999 Bayern Regionalliga Northeast 1999/00 } ) 13...Rfd8 14.f4 { +0.00
CAP N } ( 14.Bh6 { +0.76 CAP } ) 14...b5 15.f5 Nc4 16.Bxc4 bxc4 17.Bh6 Bh8
18.Bf4 Qb6 19.d5 Bg7 20.Rb1 Qa6 21.Ng3 Be8 22.Rf3 Rd7 23.Rbf1 Rad8 24.Qf2 Rc8
{ ?! } ( 24...Rb7 { !? } 25.Bg5 f6 26.Be3 Rdb8 27.Bxc5 Rb2 28.Ne2 Qxa2 29.Re1
R8b7 { } ) 25.h4 Qa5 26.h5 Bxc3 { ? } ( 26...Rb7 27.fxg6 hxg6 28.Bd2 f6 29.h6
Bf8 30.e5 Qxa2 31.exf6 Bxh6 32.Bxh6 Rb2 33.f7+ Bxf7 { } ) 27.fxg6 hxg6 28.hxg6
fxg6 29.Be3 Bf6 30.e5 Bxe5 31.Rf8+ Kg7 32.Rxe8 Bf6 33.Rxc8 Rxd5 34.Rxc5 { }
{#r} 1-0

[Event "Tournament (qual)"]
[Site "masterchessopen.com Rio de Janeiro (Brazil)"]
[Date "2006.05.13"]
[Round "1"]
[White "Marcolino Daniel Mattos (BRA)"]
[Black "Rosa Carlos Roberto (BRA)"]
[Result "1-0"]
[WhiteElo "2045"]
[BlackElo "2227"]

1.d4 Nf6 2.c4 g6 3.Nc3 d5 4.cxd5 Nxd5 5.e4 Nxc3 6.bxc3 Bg7 7.Bc4 c5 8.Ne2 Nc6
9.Be3 O-O 10.O-O Qc7 11.Qc1 Rd8 12.Rd1 a6 13.a4 Na5 14.Ba2 b6 15.Nf4 e6 16.d5
e5 17.Nd3 Nb7 18.f4 Bg4 19.Re1 Re8 20.Nxe5 Bxe5 21.fxe5 Qxe5 22.Bf4 Qe7 23.e5
b5 24.Bg5 Qf8 25.Qf4 Bf5 26.g4 Bd7 27.Bh6 Qe7 28.d6 {#r} 1-0

[Event "It (open)"]
[Site "masterchessopen.com Poznan (Poland)"]
[Date "2006.07.24"]
[Round "3"]
[White "Rawicz Karol (POL)"]
[Black "Frackowiak Slawomir (POL)"]
[Result "0-1"]
[WhiteElo "2100"]
[BlackElo "2011"]

1.d4 Nf6 2.c4 g6 3.Nc3 d5 4.cxd5 Nxd5 5.e4 Nxc3 6.bxc3 Bg7 7.Bc4 c5 8.Ne2 Nc6
9.Be3 O-O 10.O-O Qc7 11.Bf4 Qa5 12.d5 Ne5 13.Bxe5 Bxe5 14.Qb3 g5 15.a4 Rb8
16.f3 Kh8 17.Qc2 a6 18.Qd2 Rg8 19.d6 Bxd6 20.Bxf7 Rg7 21.Bd5 Qc7 22.f4 gxf4
23.Nxf4 Bg4 24.Kh1 e6 25.Ba2 Be5 26.h3 Qe7 27.Qe3 Qh4 28.Rf2 Rbg8 29.g3 Qh6
30.h4 b6 31.Bc4 a5 32.Re1 Bh5 33.Rg1 Bf7 34.Rf3 Rg4 35.Ne2 Qg6 36.Bd3 Be8
37.Nf4 Qh6 38.Ne2 Qg7 39.Rb1 Rxh4+ 40.Kg2 Qg4 41.Rxb6 Bh5 42.Ng1 Qg7 {#R} 0-1

[Event "It (open)"]
[Site "masterchessopen.com Montigny (France)"]
[Date "2006.11.05"]
[Round "9"]
[White "Forissier Nicolas (FRA)"]
[Black "Heimann Udo (GER)"]
[Result "1-0"]
[WhiteElo "1958"]
[BlackElo "1978"]

1.d4 Nf6 2.c4 g6 3.Nc3 d5 4.cxd5 Nxd5 5.e4 Nxc3 6.bxc3 Bg7 7.Bc4 c5 8.Be3 O-O
9.Ne2 Nc6 10.O-O Qc7 11.Rc1 Rd8 12.Qa4 a6 13.Qa3 Na5 14.Bd3 c4 15.Bc2 Nc6
16.Qc5 Qa5 17.Qxc4 Bd7 18.Bb3 Be8 19.f4 Rac8 20.Qd3 Qc7 21.Qb1 Na5 22.c4 Nxb3
23.Qxb3 Qd7 24.d5 Qg4 25.Ng3 h5 26.f5 Be5 27.Bb6 h4 28.Bxd8 Bd4+ 29.Kh1 hxg3
30.Bxe7 Be5 31.Qf3 Qxf3 32.Rxf3 gxh2 33.fxg6 Kg7 34.gxf7 Bxf7 35.Rcf1 Bg6
36.d6 Be8 37.Bf6+ Bxf6 38.Rxf6 Rxc4 39.d7 {#r} 1-0